Central Library and Information Centre
Sibsagar Girls' College, Sivasagar : Assam

A SOCIAL GEOGRAPHY OF THE CITY (Record no. 8176)

MARC details
000 -LEADER
fixed length control field 00400cam a2200169ua 4500
008 - FIXED-LENGTH DATA ELEMENTS--GENERAL INFORMATION
fixed length control field 120103n1983 II |||gr||||Z||||||eng
040 ## - CATALOGING SOURCE
Original cataloging agency MAIN
041 ## - LANGUAGE CODE
-- English
082 ## - DEWEY DECIMAL CLASSIFICATION NUMBER
Classification number 900 LEY
100 ## - MAIN ENTRY--PERSONAL NAME
Personal name LEY , DAVID .
245 ## - TITLE STATEMENT
Title A SOCIAL GEOGRAPHY OF THE CITY
260 ## - PUBLICATION, DISTRIBUTION, ETC.
Place of publication, distribution, etc. NEW YORK
Name of publisher, distributor, etc. HARPER & ROW PUBLISHERS
Date of publication, distribution, etc. 1983
300 ## - PHYSICAL DESCRIPTION
Extent 499.
942 ## - ADDED ENTRY ELEMENTS (KOHA)
Koha item type Books
653 ## - INDEX TERM--UNCONTROLLED
Uncontrolled term History & geography
Holdings
Withdrawn status Lost status Damaged status Not for loan Collection code Home library Current library Shelving location Date acquired Full call number Barcode Date last seen Copy number Price effective from Koha item type Public note
        TBGEO Central Library and Information Centre Sibsagar Girls College Central Library and Information Centre Sibsagar Girls College GEOGRAPHY BOOK RACK 20.04.1983 900 LEY 07327 27.02.2020 1 27.02.2020 Books V


Sibsagar Girl's College © 2020. All rights reserved.
Powered by Koha.
Maintained by Abhijit Borpuzari.